| 000 | 00775nam a22001935i 4500 | ||
|---|---|---|---|
| 001 | 164490 | ||
| 003 | ES-MaACL | ||
| 005 | 20250815063239.0 | ||
| 008 | 950206s1897 sp d |||| | spa d | ||
| 040 |
_aCLM _bspa _cCCPB | PA2 |
||
| 100 | 1 |
_aSalvador y Rodrigáñez, Amós, _d1845-1922 _9102102 |
|
| 245 | 1 | 0 |
_aSobre la perspectiva _b: conferencias explicadas en el Círculo de Bellas Artes por su presidente / _cAmós Salvador. |
| 260 |
_aMadrid : _b[s.n.], _c1897 ( _fEstablecimiento Tipográfico de G. Juste) |
||
| 300 |
_a139 p., XVI h. de lám. ; _c26 cm. |
||
| 599 | 1 | _aLas h. de lam., son gráficos : "Lit.-Mendez- Isabel la Católica 25. Madrid" | |
| 650 | 0 | 4 |
_aPerspectiva. _915981 |
| 852 |
_aES-MaACL _jA-102 _z-- Enc. tela |
||
| 999 |
_c164490 _d164490 |
||